00676nam a2200205 a 450000500170000000800410001704000270005804100080008508200200009324500920011326000300020530000520023565000170028765000260030465000270033065000200035765000260037765100120040371000550041520160316140010.0140227b ec d fr|||| 00| 0 spa d aCO-BoIAVH cCO-BoIAVH 0 aspa04a634.95028bE82t00aEstudio de técnicas silviculturales para la reproducción sexual y asexual de Chanul a[s.l.] :bOIMT,c[1996?]. a57 páginas :btablas ;c30 x 21 centímetros 6aSilvicultura 6aReproducción sexual 6aReproducción asexual 6aReforestación 6aOrdenación forestal 6aEcuador2 aOrganización Internacional de Maderas Tropicales